Tři generace managementu. Management v období globální konkurence. 2.

Krátka história vývoja manažmentu za posledné tri desaťročia. Prvá generácia manažmentu - 70. roky. Pre túto generáciu je v personálnom riadení charakteristická stratégia nádeje. Druhá generácia manažmentu spadá do 80. rokov. Ústrednou črtou sú vysoké technológie a vznik mnohých exaktných metód mana...

Ausführliche Beschreibung

Gespeichert in:
Bibliographische Detailangaben
1. Verfasser: Stýblo, Jiří
Format: Buchkapitel
Sprache:Tschechisch
Schlagworte:
Tags: Tag hinzufügen
Keine Tags, Fügen Sie das erste Tag hinzu!

MARC

LEADER 00000naa a2200000 4500
001 r011811
005 20220826093749.9
041 0 |a cze 
044 |a [CS] 
245 1 0 |a Tři generace managementu.  |b Management v období globální konkurence. 2.  |c Jiří Stýblo 
520 |a Krátka história vývoja manažmentu za posledné tri desaťročia. Prvá generácia manažmentu - 70. roky. Pre túto generáciu je v personálnom riadení charakteristická stratégia nádeje. Druhá generácia manažmentu spadá do 80. rokov. Ústrednou črtou sú vysoké technológie a vznik mnohých exaktných metód manažmentu. Tretia generácia manažmentu (90. roky) nesie pečať výroby pre trh a vlády spotrebiteľa. 
610 2 0 |a manažment 
610 2 0 |a manažéri 
610 2 0 |a 1970-1999 
610 2 0 |a inovácia 
610 2 0 |a technológie nové 
610 2 0 |a modely matematické 
610 2 0 |a trh 
610 2 0 |a spotrebitelia 
610 2 0 |a vedenie 
610 2 0 |a zdroje pracovné 
610 2 0 |a koordinácia 
100 1 |a Stýblo, Jiří